|
|
|
|
| LEADER |
01125nam a2200325 a 4500 |
| 001 |
000041544 |
| 003 |
18534 |
| 005 |
20190905100108.0 |
| 008 |
171030s2000 |
| 020 |
|
|
|c 18000
|
| 040 |
|
|
|a LNN
|
| 041 |
0 |
|
|a Vie
|
| 082 |
0 |
|
|a 428.34
|b RI-D
|
| 100 |
1 |
|
|a Riley, David.
|
| 245 |
0 |
0 |
|a Luyện kỹ năng nghe - nói tiếng Anh thương mại =
|b Business listening and speaking /
|c David Riley ; Lê Huy Lâm dịch và chú giải.
|
| 246 |
0 |
1 |
|a Business listening and speaking.
|
| 260 |
|
|
|a Tp.HCM :
|b Tp.HCM,
|c 2000.
|
| 300 |
|
|
|a 141Tr. ;
|c 20,5cm.
|
| 650 |
0 |
4 |
|a Englisch.
|
| 650 |
0 |
4 |
|a Tiếng Anh.
|
| 700 |
1 |
|
|a Lê Huy Lâm,
|e Dịch và chú giải.
|
| OWN |
|
|
|a LNN
|
| AVA |
|
|
|a UDN50
|b LNN
|c English
|d 428.34 SI-J
|e available
|t Error 5001 Not defined in file expand_doc_bib_avail.
|f 1
|g 0
|h N
|i 0
|j AN
|k 1
|
| 999 |
|
|
|a From the UDN01
|
| AVA |
|
|
|a UDN50
|b LNN
|c English
|d 428.34 SI-J
|e available
|t Error 5001 Not defined in file expand_doc_bib_avail.
|f 1
|g 0
|h N
|i 0
|j AN
|k 1
|
| TYP |
|
|
|a Monograph
|
| TYP |
|
|
|a Printed language
|
| 980 |
|
|
|a Mạng thư viện Đại học Đà Nẵng
|